00856pam a2200169 a 4500020002400000040000800024082002600032245007200058260012100130300003400251500022500285500006300510650002100573650002000594700002600614710004600640 a155815146X (pbk.) : cDLC00a332 ICS 1991 A018 Or.00aExchange rate policies in developing and post-socialist countries / aSan Francisco, Calif. :bICS Press ;aLanham, Md. :bDistributed to the book trade by National Book Network,cc1991. axix, 443 p. :bill. ;c23 cm. aProceedings of the Second Monetary Conference of the Freie Universität Berlin and the Landeszentralbank Berlin, held May 10-12, 1990, at the Berliner Bank, and sponsored by the International Center for Economic Growth. a"An International Center for Economic Growth publication." 0aForeign exchange 0aMonetary policy1 aClaassen, Emil Maria,2 aInternational Center for Economic Growth.